000 00850cam a2200277 i 4500
003 DO-SdBNP
005 20240301180540.0
007 ta
008 751003s2005 sp 000 0 spa d
020 _a848310749X
040 _aDO-SdBNP
_bspa
_cBNPHU
_erda
082 _bG752a
_222
100 1 _aMarx, Karl,
_d1818-1883
_eautor
_930439
245 1 3 _aAtlas de geografía humana /
_cAlmudena Grandes
250 _a4ta. edición
264 1 _aMadrid :
_bGrafos,
_c2005.
300 _a467 páginas
_c22 cm.
336 _2rdacontent
_atexto
_btxt
337 _2rdamedia
_asin mediación
_bn
338 _2rdacarrier
_avolumen
_bnc
590 _aInventariado, 2023/ DG
651 4 _aEspaña
_xHistoria
_y1808-1814 (Guerra de la Independencia)|
_984409
651 4 _aEspaña
_xHistoria
_y1814-1833 (Fernando VII)
_984410
910 _aDG
942 _2ddc
_cLBS1
999 _c55167
_d55167